LIBRARY ONLINE CATALOGUE

Personnel management / (Record no. 5804)

MARC details
000 -LEADER
fixed length control field 00669cam a22002292 4500
001 - CONTROL NUMBER
control field 0000002345
005 - DATE AND TIME OF LATEST TRANSACTION
control field 20151217151851.0
008 - FIXED-LENGTH DATA ELEMENTS--GENERAL INFORMATION
fixed length control field 070410s xx 000 0 eng d
020 ## - INTERNATIONAL STANDARD BOOK NUMBER
Terms of availability KES 2.800
040 ## - CATALOGING SOURCE
Original cataloging agency KABU
Transcribing agency KABU
050 #0 - LIBRARY OF CONGRESS CALL NUMBER
Classification number HF5549
Item number .A3A88 1989
100 1# - MAIN ENTRY--PERSONAL NAME
Personal name Attwood, Margaret.
-- 0000151689
245 10 - TITLE STATEMENT
Title Personnel management /
Statement of responsibility, etc. Margaret Attwood, Stuart Dimmock.
250 ## - EDITION STATEMENT
Edition statement 3rd ed.
260 ## - PUBLICATION, DISTRIBUTION, ETC. (IMPRINT)
Place of publication, distribution, etc. Houndsmills :
Name of publisher, distributor, etc. Palgrave,
Date of publication, distribution, etc. 1989.
300 ## - PHYSICAL DESCRIPTION
Extent xi, 240 p.
650 #0 - SUBJECT ADDED ENTRY--TOPICAL TERM
Topical term or geographic name as entry element Personnel management.
-- 0000150761
700 1# - ADDED ENTRY--PERSONAL NAME
Personal name Dimmock, Stuart.
-- 0000151690
908 ## - PUT COMMAND PARAMETER (RLIN)
Put command parameter 070410
950 ## - LOCAL HOLDINGS (RLIN)
-- 1
Holdings
Withdrawn status Lost status Source of classification or shelving scheme Not for loan Home library Current library Date acquired Total Checkouts Total Renewals Full call number Barcode Date last seen Date last checked out Price effective from Koha item type
    Library of Congress Classification   Kabarak, Main Campus Kabarak, Main Campus 17/12/2015 5 3 HF5549 .A3A88 1989 003685 02/08/2024 15/10/2019 17/12/2015 General Collection